000 00839nam a2200265 a 4500
001 000019999
005 20200929170225.0
008 100709s1964 sp 001 d spa d
040 _aDO-SdBNP
_bspa
_cBNPHU
082 _a862.6
_bM149a, 1964
100 1 _aMachado, Manuel,
_d1874-1947
_93293
245 1 4 _aLas adelfas /
_cManuel y Antonio Machado.
250 _a2a ed.
260 _aMadrid :
_bEspasa-Calpe,
_c1964.
300 _a150 p. ;
_c18 cm.
490 1 _aAustral. Violeta: teatro y poesía
_v706
500 _aIncluye índice de autores.
650 4 _aTeatro español
_93071
650 4 _aLiteratura española
_ySIGLO XX
_93326
700 1 _aMachado, Antonio,
_d1875-1939
_924735
740 3 2 _aEl hombre que murió en la guerra
830 0 _aAustral.
_pVioleta: teatro y poesía;
_n706
_942598
910 _aWM
049 _aBNGR
999 _c19511
_d19511